Studies on the rheological and mechanical properties of PP/EPDM/NR ternary blends (Record no. 69733)

MARC details
000 -LEADER
fixed length control field 00389nam a2200133Ia 4500
100 ## - MAIN ENTRY--AUTHOR NAME
Personal name Ashalatha P V
245 #0 - TITLE STATEMENT
Title Studies on the rheological and mechanical properties of PP/EPDM/NR ternary blends
260 ## - PUBLICATION, DISTRIBUTION, ETC. (IMPRINT)
Name of publisher Kautschuk Gummi Kunststoffe
Year of publication 1994
300 ## - PHYSICAL DESCRIPTION
Number of Pages 868-872
700 ## - ADDED ENTRY--PERSONAL NAME
Personal name Francis D Joseph
700 ## - ADDED ENTRY--PERSONAL NAME
Personal name George K E
942 ## - ADDED ENTRY ELEMENTS (KOHA)
Koha item type Journals
Holdings
Withdrawn status Lost status Damaged status Not for loan Home library Current library Shelving location Date acquired Serial Enumeration / chronology Koha item type
      Journals RRII Library RRII Library Rubber chemistry 17/12/2021 Volume 47, Issue 12 Journals